| 000 | 03268nam a22004217a 4500 | ||
|---|---|---|---|
| 005 | 20090119143636.0 | ||
| 008 | 090119t xxu||||| |||| 00| 1 eng d | ||
| 010 | _aB-344172-183 | ||
| 020 |
_a9788123701608 _c25.00 |
||
| 035 | _aB-344172-183 | ||
| 035 | _aB-357774 | ||
| 037 | _bTarun Books | ||
| 040 |
_adpl _bEnglish |
||
| 082 | _aS | ||
| 100 | _aBaig, Tara Ali | ||
| 245 |
_aJawaharlal Nehru / _cby Tara Ali Baig |
||
| 260 |
_aNew Delhi _bNational Book Trust _c2008 (repr.) |
||
| 270 |
_aA-5 Green Park _b New Delhi New Delhi-110016 _e110016 |
||
| 300 |
_aUnpaged : _bb & w photos _c18cm. (pbk) |
||
| 490 | _aNehru Bal Pustakalaya | ||
| 700 | _aBaig, Tara Ali | ||
| 942 |
_2ddc _cCH _hS _mBAI |
||
| 999 |
_c21383 _d21383 |
||